Formule 1 - Vainqueurs du GP de Hockenheim, Allemagne - Statistiques

Statistiques générales
  • Ce quiz a été pris 32 fois
  • Le résultat moyen est 30 sur 36
Statistiques - réponses
Années Pilotes % Correct
2008 Lewis Hamilton
100%
2016 Lewis Hamilton
100%
2018 Lewis Hamilton
100%
1984 Alain Prost
96%
1993 Alain Prost
96%
1988 Ayrton Senna
96%
1989 Ayrton Senna
96%
1990 Ayrton Senna
96%
1996 Damon Hill
96%
2005 Fernando Alonso
96%
2010 Fernando Alonso
96%
1998 Mika Häkkinen
96%
2014 Nico Rosberg
96%
1995 Michael Schumacher
93%
2002 Michael Schumacher
93%
2004 Michael Schumacher
93%
2006 Michael Schumacher
93%
2001 Ralf Schumacher
93%
2019 Max Verstappen
89%
1981 Nelson Piquet
89%
1986 Nelson Piquet
89%
1987 Nelson Piquet
89%
1991 Nigel Mansell
89%
1992 Nigel Mansell
89%
1977 Niki Lauda
85%
2000 Rubens Barrichello
85%
1978 Mario Andretti
74%
1979 Alan Jones
67%
1999 Eddie Irvine
67%
2003 Juan Pablo Montoya
63%
1970 Jochen Rindt
52%
1983 René Arnoux
52%
1994 Gerhard Berger
48%
1997 Gerhard Berger
48%
1980 Jacques Laffite
44%
1982 Patrick Tambay
44%
Aucun quiz correspondant
Distribution des résultats
% des personnes avec chaque résultat
Percentile par nombre de réponses
Votre historique - résultats
Vous n’avez pas pris ce quiz